=LDR 00000nam 2200000 4500 =001 INLIS000000000061044 =005 20220606083058 =035 ##$$a 0010-0622000034 =007 ta =008 220606###########################0#ind## =020 ##$$a 978-602-02-6911-5 =082 ##$$a 658.409 2 =084 ##$$a 658.409 2 Kei d =100 #$$a Keith Murnighan =245 1#$$a Do Nothing ! : $b Menjadi Pemimpin Efektif tanpa Harus Mengatur Secara Berlebihan /$c Keith Murnighan =260 ##$$a Jakarta :$b Elex Media Kompuntindo,$c 2015 =300 ##$$a xi,266 hlm. : $b Ilus. ; $c 22 Cm. =650 #4$$a Kepemimpinan =990 ##$$a 20732073